000 00772cab a2200229 4500
001 WB3319-07
008 090401t1997 xxu||||| |||| 00| 0 eng d
035 _a(Sirsi) u78326
041 _aeng
245 _aConstruction imports raise concerns
260 _c1997
350 _a0
490 _aFinancial Times
_v12 May 1997, (1)
520 _aConstruction material suppliers are called on to maintain competitiveness after rising demand and a strong pound saw the sector`s trade deficit rise by 8 per cent in 1996 to £1.58bn.
650 _aBUILT ENVIRONMENT-BUILDING MATERIALS
650 _aCONSTRUCTION INDUSTRY
650 _aCONSTRUCTION OUTPUT
650 _aIMPORTS
690 _aBUILT ENVIRONMENT-BUILDING MATERIALS
942 _n0
948 _c15/05/1997
999 _c49292
_d49292